| 000 | 00789nam a2200313Ia 4500 | ||
|---|---|---|---|
| 008 | 170203s9999 xx 000 0 und d | ||
| 020 | _a0-439163676 | ||
| 050 | _aFIc | ||
| 050 | _bD131g | ||
| 100 | _aDahl, Roald. | ||
| 245 | 4 | _aThe giraffe and the pelly and me / | |
| 245 | _cRoald Dahl ; illustrated by Quentin Blake. | ||
| 260 | _aNew York : | ||
| 260 | _bScholastic, | ||
| 260 | _c2000, | ||
| 300 | _a78 pages : | ||
| 300 | _bcolor illustrations ; | ||
| 300 | _c19 cm. | ||
| 650 | _aCandy -- | ||
| 650 | _aGiraffe -- | ||
| 650 | _aGiraffes -- | ||
| 650 | _aMonkeys -- | ||
| 650 | _aPelicans -- | ||
| 650 | _xFiction. | ||
| 650 | _xJuvenile fiction. | ||
| 650 | _xJuvenile fiction. | ||
| 650 | _xJuvenile fiction. | ||
| 650 | _xJuvenile fiction. | ||
| 999 |
_c306404 _d306404 |
||